| 000 | 00640nam a2200193Ia 4500 | ||
|---|---|---|---|
| 003 | GCL | ||
| 008 | 140319s9999 xx 000 0 ara d | ||
| 040 |
_aGCL / _cGCL |
||
| 082 | 0 | 4 |
_a027.663 _bر خ |
| 100 | 1 | _aرايت، كيث | |
| 245 | 1 | 0 |
_aخدمات المكتبات والمعلومات للمعوقين / _cرايت، كيث |
| 700 | 1 | _aديفى، جوديث | |
| 260 |
_aالرياض : _bجامعة الامام محمد بن سعود ، _c1997 |
||
| 300 |
_a280 ص ؛ _c24 سم |
||
| 650 | 0 | 4 | _aالمعوقون |
| 650 | 0 | 4 | _aالمكتبات والمعوقون |
| 650 | 0 | 4 | _aمكتبات المكفوفين |
| 942 |
_2ddc _cBK |
||
| 999 |
_c7013 _d7013 |
||